000 00839nam a2200229Ia 4500
005 20250507130404.0
008 008 250505s9999 xx 000 0 eng d
020 _a9780415487801
037 _aAnnuals, Advances
040 _aEASL
_beng
_cEASL
041 _aeng
_2eng
084 _aV42.PO5, P7
_qEASL
100 _aSeaton Philip A.
245 0 _aJapan's contested war memories: The 'memory rifts' in historical consciousness of World War II
260 _aUSA
_bNew York Routledge taylor & francis group
_c2007
300 _axiii,258p.
365 _a¥
_b4993
490 _aRoutledge Contemporary Japan Series
650 _aJapan - August commemorations; Japan - War stories; Japan - War and the family; Japan - Comfort women; JEL
_9755330
942 _cTEXL
_hV42.PO5, P7
999 _c1319413
_d1319413